Geography Generator Puzzle #16 - Statistics

General Stats
  • This quiz has been taken 441 times
  • The average score is 13 of 22
Answer Stats
answer % Correct
common desert mode of transport camel
89%
___ Madrid, the world's richest football team Real
89%
Italy's capital in Italian Roma
89%
Muhammad's birthplace Mecca
86%
many reefs are made of these living organisms coral
82%
heating fuel, produced from mines coal
79%
popular US soup, ____ chowder clam
77%
Mt Charles, aka Monte _____ Carlo
68%
Korea in Spanish Corea
61%
tree whose seeds are a chocolate ingredient cacao
59%
Brazilian province, also a unit of area Acre
58%
India Pale ___ Ale
57%
famous mission in San Antonio, Texas Alamo
54%
sea in Latin mare
53%
singers want a home where the buffalo do this roam
51%
Morocco in French Maroc
50%
___ Léman, aka Lake Geneva Lac
48%
Tibetan monk lama
47%
popular South American tea coca
44%
Five-letter city ACCRA
30%
Asian capital city occupying a whole island Malé
30%
Four-letter city LOMÉ
27%
No matching quizzes found
Score Distribution
Percent of People with Each Score
Percentile by Number Answered
Your Score History
You have not taken this quiz